Introduction historique au droit des obligations
Guardat en:
| Autors principals: | , , |
|---|---|
| Format: | Llibre |
| Idioma: | francès |
| Publicat: |
París
LexisNexis
2007
|
| Edició: | 1a. ed |
| Col·lecció: | Objectif Droit Cours
|
| Matèries: | |
| Etiquetes: |
Afegir etiqueta
Sense etiquetes, Sigues el primer a etiquetar aquest registre!
|
MARC
| LEADER | 00000cam a2200000 a 4500 | ||
|---|---|---|---|
| 001 | UCF0695 | ||
| 003 | CL-VaPUC | ||
| 008 | 120607e20070000FR |||||||||||||||||fre|d | ||
| 020 | |a 9782711004270 | ||
| 082 | 0 | 4 | |a 346 |b CHE |2 21 |
| 100 | 0 | |a Chevreau, Emmanuelle |e author |9 562430 | |
| 700 | 0 | |a Mausen, Yves |e author |9 562431 | |
| 700 | 0 | |a Bouglé, Claire |e author |9 562432 | |
| 245 | 1 | 0 | |a Introduction historique au droit des obligations |
| 250 | |a 1a. ed | ||
| 300 | |a 286 p | ||
| 942 | |c BK | ||
| 945 | |d 20120607 00:00:00 |a cmena | ||
| 260 | |a París |b LexisNexis |c 2007 | ||
| 650 | 0 | |a Derecho civil |9 255013 | |
| 650 | 0 | |a Obligaciones |9 255578 | |
| 583 | |a last modification |c 20130320 03:08:21 |k Rodrigo Vera | ||
| 490 | 0 | |a Objectif Droit Cours | |
| 999 | |c 347876 |d 347874 | ||
| 952 | |0 0 |1 0 |4 0 |6 346_000000000000000_CHE_2007 |7 0 |8 DER_HIS |9 449583 |a BIBDER |b BIBDER |d 2019-11-22 |i 487238K |l 1 |o 346 CHE 2007 |p 487238K |r 2023-01-25 |s 2020-03-19 |w 2019-11-22 |x Ubicación 4to Piso |y BK |z Estos recursos deben solicitarse con anticipación |k DER | ||